Učitavanje...
Inside book publishing
| Glavni autor: | |
|---|---|
| Format: | Printed Book |
| Izdano: |
London, Routledge
1988
|
| Izdanje: | Ed.2 |
| LEADER | 004280000a22001450004500 | ||
|---|---|---|---|
| 020 | |a 0-415-13663-6 | ||
| 082 | |a 070.5 M81;1 | ||
| 100 | |a Clark, Giles | ||
| 245 | |a Inside book publishing | ||
| 250 | |a Ed.2 | ||
| 260 | |a London, Routledge | ||
| 260 | |c 1988 | ||
| 942 | |c BK | ||
| 999 | |c 3191 |d 3191 | ||
| 952 | |0 0 |1 0 |4 0 |6 070_500000000000000_M811 |7 0 |8 ENG |9 2983 |a MGUL |b MGUL |d 2013-07-16 |l 1 |m 1 |o 070.5 M81;1 |p 27292 |r 2019-08-26 |s 2019-06-26 |w 2013-07-16 |y BK | ||